Sports Quiz

Random Sports or MLB Quiz

MLB HR Leaders by Handedness Quiz Stats

 Plays Quiz Updated Jan 16, 2016

Support Sporcle.
Go Orange.
Score 0/60 Timer 12:00
5 Plays Today
Hint Answer % Correct
Bat Left, Throw LeftBarry Bonds
93.8%
Bat Right, Throw RightHank Aaron
92.3%
Bat Left, Throw LeftBabe Ruth
91.5%
Bat Right, Throw RightAlex Rodriguez
84.8%
Bat Right, Throw RightSammy Sosa
81.5%
Bat Right, Throw RightWillie Mays
81.1%
Bat Left, Throw LeftKen Griffey, Jr.
78.9%
Bat Both, Throw RightMickey Mantle
77.8%
Bat Right, Throw RightMark McGwire
77.5%
Bat Left, Throw RightJim Thome
71.8%
Bat Left, Throw RightTed Williams
71.2%
Bat Left, Throw RightBilly Williams
70.6%
Bat Both, Throw RightBernie Williams
70.6%
Bat Left, Throw LeftReggie Jackson
62.8%
Bat Both, Throw RightChipper Jones
61.8%
Bat Right, Throw LeftCleon Jones
61.3%
Bat Left, Throw LeftLou Gehrig
61.2%
Bat Right, Throw RightManny Ramirez
61.1%
Bat Right, Throw RightFrank Robinson
60.8%
Bat Right, Throw RightAlbert Pujols
59.9%
Bat Right, Throw RightMike Schmidt
59.7%
Bat Right, Throw RightHarmon Killebrew
58%
Bat Both, Throw RightEddie Murray
57.9%
Bat Left, Throw LeftDavid Ortiz
57.6%
Bat Left, Throw LeftRafael Palmeiro
57.3%
Bat Left, Throw LeftWillie Stargell / Stan Musial
53.8%
Bat Left, Throw RightMel Ott
52.4%
Bat Left, Throw LeftWillie McCovey
51.2%
Bat Left, Throw LeftFred McGriff
41.2%
Bat Left, Throw RightEddie Mathews
39.5%
Hint Answer % Correct
Bat Left, Throw RightCarl Yastrzemski
38.9%
Bat Both, Throw RightReggie Smith
37.8%
Bat Right, Throw LeftRickey Henderson
34.1%
Bat Left, Throw RightCarlos Delgado
30.7%
Bat Both, Throw RightChili Davis
28.2%
Bat Both, Throw RightCarlos Beltran
27%
Bat Left, Throw RightJason Giambi
25.5%
Bat Left, Throw RightAdam Dunn
25.1%
Bat Left, Throw RightDarrell Evans
24.9%
Bat Both, Throw LeftLance Berkman
24.5%
Bat Both, Throw RightMark Teixeira
24.2%
Bat Both, Throw LeftMelky Cabrera
24%
Bat Both, Throw LeftWes Parker
15.1%
Bat Both, Throw RightBobby Bonilla
11.3%
Bat Both, Throw RightRuben Sierra
8%
Bat Right, Throw LeftBrian Hunter
6.3%
Bat Both, Throw LeftRipper Collins
5.9%
Bat Both, Throw LeftNick Swisher
5.7%
Bat Right, Throw LeftRyan Ludwick
4.3%
Bat Right, Throw LeftCody Ross
3.2%
Bat Right, Throw LeftJimmy Ryan
2.6%
Bat Both, Throw LeftDavid Segui
2.4%
Bat Both, Throw LeftReggie Jefferson
2.2%
Bat Both, Throw LeftJustin Smoak
1.8%
Bat Both, Throw LeftLu Blue
1.7%
Bat Right, Throw LeftMark Carreon
1.6%
Bat Right, Throw LeftHal Chase
1.4%
Bat Right, Throw LeftJason Lane
1%
Bat Both, Throw LeftMitch Webster
0.8%
Bat Right, Throw LeftDave McCarty
0.8%

You're not logged in!

Compare scores with friends on all Sporcle quizzes.
OR
Log In

From the Vault

5x5 in 90: Formula One Minefield Blitz

by kfastic

Driving a race car through a minefield seems like an aggressively bad idea.
Remove Ads.
Support Sporcle.
Get the best of Sporcle when you Go Orange. This ad-free experience offers more features, more stats, and more fun while also helping to support Sporcle. Thank you for becoming a member.

Show Comments

Extras

Top Quizzes Today


Score Distribution

Your Account Isn't Verified!

In order to create a playlist on Sporcle, you need to verify the email address you used during registration. Go to your Sporcle Settings to finish the process.

Report this User

Report this user for behavior that violates our Community Guidelines.

Details: